书目信息 |
| 题名: |
天地徜徉录
|
|
| 作者: | 梁秀荣 , 高桦 , 黎先耀 选编 | |
| 分册: | ||
| 出版信息: | 重庆 重庆出版社 2002.10 |
|
| 页数: | 183页 | |
| 开本: | 20cm | |
| 丛书名: | 天地·生命·环境 | |
| 单 册: | ||
| 中图分类: | X21 | |
| 科图分类: | ||
| 主题词: | 全球环境--quan qiu huan jing--环境保护--普及读物 | |
| 电子资源: | ||
| ISBN: | 7-5366-5967-9 | |
| 000 | 00986nam 2200289 450 | |
| 001 | 012008749369 | |
| 005 | 20080315154552.71 | |
| 010 | @a7-5366-5967-9@dCNY12.00 | |
| 100 | @a20080315d2002 km y0chiy0120 ea | |
| 101 | 0 | @achi |
| 102 | @aCN@b510000 | |
| 105 | @aa z 000yy | |
| 106 | @ar | |
| 200 | 1 | @a天地徜徉录@Atian di chang yang lu@f黎先耀, 梁秀荣, 高桦选编@Fli xian yao,liang xiu rong,gao hua xuan bian |
| 210 | @a重庆@c重庆出版社@d2002.10 | |
| 215 | @a183页@c图@d20cm | |
| 225 | 2 | @a天地·生命·环境@Atian di·sheng ming·huan jing@e国民素质教育丛书 |
| 330 | @a本书包括 : 四季物候; 山水登临; 大地沧桑; 宇宙之谜等。 | |
| 410 | 0 | @12001 @e国民素质教育丛书 |
| 410 | 0 | @12001 @a天地·生命·环境 |
| 606 | 0 | @a全球环境@Aquan qiu huan jing@x环境保护@j普及读物 |
| 690 | @aX21@v4 | |
| 701 | 0 | @a梁秀荣@Aliang xiu rong@4选编 |
| 701 | 0 | @a高桦@Agao hua@4选编 |
| 701 | 0 | @a黎先耀@Ali xian yao@4选编 |
| 801 | 0 | @aCN@bQSSK@c20080315 |
| 905 | @b20283637-39@dX21@eL113@f3 | |
| 天地徜徉录/黎先耀, 梁秀荣, 高桦选编.-重庆:重庆出版社,2002.10 |
| 183页:图;20cm.-(天地·生命·环境:国民素质教育丛书) |
| ISBN 7-5366-5967-9:CNY12.00 |
| 本书包括 : 四季物候; 山水登临; 大地沧桑; 宇宙之谜等。 |
| ● |
| 相关链接 |
|
|
|
正题名:天地徜徉录
索取号:X21/L113
 
预约/预借
| 序号 | 登录号 | 条形码 | 馆藏地/架位号 | 状态 | 备注 |
| 1 | 283637 | 202836379 | 自科库501/501自科库 64排1列2层/ [索取号:X21/L113] | 在馆 | |
| 2 | 283638 | 202836388 | 期刊室512/501自科库 64排1列2层/ [索取号:X21/L113] | 在馆 | |
| 3 | 283639 | 202836397 | 自科库501/501自科库 64排1列2层/ [索取号:X21/L113] | 在馆 |